| 000 | 00769cam a2200265 i 4500 | ||
|---|---|---|---|
| 999 |
_c200444673 _d62885 |
||
| 003 | TR-AnTOB | ||
| 005 | 20221209095814.0 | ||
| 007 | ta | ||
| 008 | 211028s1973 nyu 000 0 eng d | ||
| 040 |
_aTR-AnTOB _beng _erda _cTR-AnTOB |
||
| 041 | 0 | _aeng | |
| 050 | 0 | 0 |
_aHF5415 _b.L334 1973 |
| 090 |
_aTOBBK HF5415 _b.L334 1973 |
||
| 100 | 1 |
_aLazo, Hector, _d1899-1965 _eauthor _9131507 |
|
| 245 | 1 | 0 |
_aMarketing / _cHector Lazo. |
| 264 | 1 |
_aNew york: _bAlexender Hamilton Institute, _c1973. |
|
| 300 |
_a355,25 pages; _c24 cm |
||
| 336 |
_atext _btxt _2rdacontent |
||
| 337 |
_aunmediated _bn _2rdamedia |
||
| 338 |
_avolume _bnc _2rdacarrier |
||
| 650 | 0 |
_aMarketing _9286 |
|
| 942 |
_2lcc _cBK |
||